| 000 | 00542nam a2200193 a 4500 | ||
|---|---|---|---|
| 005 | 20140310183459.0 | ||
| 008 | 091203s19uu xx 00 eng d | ||
| 020 | _a0072878754 | ||
| 050 |
_aNK 1510 _b.St743 2006 |
||
| 100 | _aStewart, Mary. | ||
| 245 |
_aLaunching the imagination : _ba guide to three-dimensional design./ _cMary Stewart. |
||
| 250 | _a2nd ed. | ||
| 260 |
_aBoston : _bMcGraw Hill, _c2006. |
||
| 300 |
_a315 p. : _bill. col. ; _c28 cm. |
||
| 521 | _aMA | ||
| 650 | _aDesign. | ||
| 942 |
_cBK _2lcc _kFOR |
||
| 999 |
_c23794 _d23794 |
||